Biggest Tea Drinking Countries - Statistics

General Stats
  • This quiz has been taken 2,795 times
  • The average score is 12 of 20
Answer Stats
# Country % Correct
4.28 United Kingdom
99%
1.25 China
93%
2.13 Japan
85%
4.83 Ireland
77%
1.12 Canada
74%
3.05 Russia
73%
1.65 Australia
70%
1.52 Germany
66%
2.63 New Zealand
63%
6.96 Turkey
62%
2.23 Egypt
54%
2.20 Poland
46%
1.98 Saudi Arabia
46%
1.28 Ukraine
46%
2.68 Morocco
43%
1.79 South Africa
43%
1.71 Netherlands
41%
1.59 United Arab Emirates
34%
1.06 Malaysia
32%
1.61 Chile
19%
No matching quizzes found
Score Distribution
Percent of People with Each Score
Percentile by Number Answered
Your Score History
You have not taken this quiz